Structured entities and its presentation according to IFRSs

Príspevok prezentuje a analyzuje vymedzenie štruktúrovaných jednotiek podľa IFRS, uvádza spôsob ich účtovného zobrazenia a prezentuje požiadavky týkajúce sa zverejňovania informácií o kosolidovaných a nekonsolidovaných štruktúrovaných jednotkách podľa IFRS.

Guardado en:
Detalles Bibliográficos
Autor principal: Hornická, Renáta, 1977-
Formato: Capítulo de libro
Lenguaje:eslovaco
Materias:
Etiquetas: Agregar Etiqueta
Sin Etiquetas, Sea el primero en etiquetar este registro!

MARC

LEADER 00000naa$a2200000$$$4500
001 0236070
005 20240502073822.8
041 0 |a slo 
044 |a SK 
245 1 0 |a Structured entities and its presentation according to IFRSs  |c Renáta Hornická 
520 |a Príspevok prezentuje a analyzuje vymedzenie štruktúrovaných jednotiek podľa IFRS, uvádza spôsob ich účtovného zobrazenia a prezentuje požiadavky týkajúce sa zverejňovania informácií o kosolidovaných a nekonsolidovaných štruktúrovaných jednotkách podľa IFRS. 
610 2 0 |a jednotka účtovná 
610 2 0 |a závierka účtovná konsolidovaná 
610 2 0 |a IFRS 
100 1 |a Hornická, Renáta, 1977-